[Event "Latin Cup-A 6th"]
[Site "Buenos Aires"]
[Date "2015.03.23"]
[Round "6"]
[White "Durnhofer, Andrea"]
[Black "Garcia, Cristian Javier"]
[Result "1-0"]
[WhiteElo "1839"]
[BlackElo "1668"]
[PlyCount "58"]
[EventDate "2015.03.19"]
[EventType "swiss"]
[EventRounds "9"]
[EventCountry "ARG"]
[SourceTitle "CBM 165 Extra"]
[Source "ChessBase"]
[SourceDate "2015.04.21"]
[SourceVersion "1"]
[SourceVersionDate "2015.04.21"]
[SourceQuality "1"]

1. e4 Nf6 2. e5 Nd5 3. Nf3 Nb6 4. d4 d6 5. exd6 exd6 6. Nc3 Bg4 7. Be2 Be7 8. 0-0 0-0 9. Bf4 Bf5 10. Re1 Nc6 11. a3 Bf6 12. h3 Re8 13. Qd2 Ne7 14. Bd3 Qd7 15. Ne4 Ned5 16. Nxf6+ Nxf6 17. c4 Ne4 18. Qc2 Qe6 19. Ng5 Qf6 20. Bxe4 Rxe4 21. Nxe4 Qxd4 22. Rad1 Qxc4 23. Qxc4 Nxc4 24. Ng3 Be6 25. Rc1 Rc8 26. Rc2 Kf8 27. Rec1 b5 28. b3 Nxa3 29. Bxd6+ Ke8 1-0

[Event "Latin Cup-A 6th"]
[Site "Buenos Aires"]
[Date "2015.03.22"]
[Round "5"]
[White "Garcia, Cristian Javier"]
[Black "Tierno de la Rosa, Juan"]
[Result "0-1"]
[WhiteElo "1668"]
[BlackElo "1897"]
[PlyCount "64"]
[EventDate "2015.03.19"]
[EventType "swiss"]
[EventRounds "9"]
[EventCountry "ARG"]
[SourceTitle "CBM 165 Extra"]
[Source "ChessBase"]
[SourceDate "2015.04.21"]
[SourceVersion "1"]
[SourceVersionDate "2015.04.21"]
[SourceQuality "1"]

1. b4 b6 2. c4 e6 3. Bb2 Nf6 4. a3 Bb7 5. Nf3 Be7 6. e3 0-0 7. Be2 d5 8. 0-0 Nbd7 9. Qc2 Rc8 10. d3 c5 11. Nbd2 cxb4 12. axb4 a6 13. Qb3 Bd6 14. Rfc1 Qe7 15. Rcb1 e5 16. Ba3 e4 17. c5 bxc5 18. bxc5 Nxc5 19. Bxc5 Rxc5 20. Qxb7 Rc1+ 21. Rxc1 Qxb7 22. Nd4 Rc8 23. Rcb1 Qc7 24. dxe4 Nxe4 25. Nxe4 dxe4 26. g4 Bxh2+ 27. Kg2 Be5 28. Rxa6 g6 29. Nc6 Bg7 30. Bc4 Qd7 31. Rab6 Rxc6 32. Bxf7+ Kxf7 0-1